[Event "Preferente Aragonesa Grupo B"]
[Site "Aragon"]
[Date "2017.02.18"]
[Round "4.53"]
[White "Pes Mateo, Angel"]
[Black "Valles Mata, David"]
[Result "0-1"]
[WhiteElo "1955"]
[BlackElo "2221"]
[PlyCount "60"]
[EventDate "2017.01.28"]
[WhiteTeam "Delicias B"]
[BlackTeam "Dr. Azua"]

1. d4 g6 2. Nf3 Bg7 3. c3 d6 4. Bf4 Nd7 5. e4 e5 6. dxe5 dxe5 7. Bg5 Ngf6 8.
Bc4 h6 9. Bxf6 Qxf6 10. Nbd2 O-O 11. Qe2 Nc5 12. O-O Ne6 13. Bxe6 Qxe6 14. Rfd1
Bd7 15. Qc4 Qc6 16. Qxc6 Bxc6 17. Re1 b6 18. Nc4 f6 19. Nh4 Kf7 20. f3 Rfd8 21.
Rad1 Bf8 22. Ne3 Bc5 23. Kf2 a5 24. b3 Bb5 25. g4 a4 26. Rxd8 Rxd8 27. c4 Bc6
28. Ke2 Ra8 29. Nc2 axb3 30. axb3 Ra2 0-1

[Event "Preferente Aragonesa Grupo B"]
[Site "Aragon"]
[Date "2017.02.18"]
[Round "4.54"]
[White "Cajo Esteban, Ruben"]
[Black "Aranda Lozano, Jorge"]
[Result "1-0"]
[WhiteElo "1867"]
[BlackElo "1653"]
[PlyCount "71"]
[EventDate "2017.01.28"]
[WhiteTeam "Dr. Azua"]
[BlackTeam "Delicias B"]

1. d4 Nf6 2. Nf3 e6 3. c4 Bb4+ 4. Nc3 O-O 5. Bd2 d5 6. e3 Nbd7 7. Bd3 dxc4 8.
Bxc4 b6 9. O-O Bb7 10. Ne4 Bxd2 11. Nxf6+ Qxf6 12. Nxd2 c5 13. Nb3 Qg5 14. g3
Rfd8 15. Qe2 cxd4 16. Nxd4 Nc5 17. f3 h5 18. b4 Nd7 19. Rac1 a5 20. b5 Nc5 21.
Nb3 Rac8 22. Rfd1 Rxd1+ 23. Rxd1 h4 24. Kg2 hxg3 25. hxg3 Qg4 26. Nxc5 Rxc5 27.
Rd8+ Kh7 28. Bd3+ g6 29. a4 Qg5 30. Rd7 Bd5 31. e4 Ba8 32. Rxf7+ Kh6 33. Ra7
Rc8 34. Qb2 Qd8 35. Qg7+ Kg5 36. f4+ 1-0

[Event "Preferente Aragonesa Grupo B"]
[Site "Aragon"]
[Date "2017.02.18"]
[Round "4.55"]
[White "Sanchez Perez, Jose Felix"]
[Black "Solera Sanchez, Roberto"]
[Result "0-1"]
[WhiteElo "1554"]
[BlackElo "1822"]
[PlyCount "100"]
[EventDate "2017.01.28"]
[WhiteTeam "Delicias B"]
[BlackTeam "Dr. Azua"]

1. e4 e6 2. d4 d5 3. exd5 exd5 4. Nf3 Bd6 5. Nc3 c6 6. Bd3 Nf6 7. Bg5 Qe7+ 8.
Qe2 Qxe2+ 9. Nxe2 Ne4 10. Bf4 Bxf4 11. Nxf4 Nd7 12. Nd2 O-O 13. Bxe4 dxe4 14.
O-O-O Nf6 15. Rde1 Bf5 16. h3 Nd5 17. Nxd5 cxd5 18. Nb3 Rac8 19. c3 b6 20. Rhg1
a5 21. Nd2 b5 22. g4 Be6 23. Nb3 f5 24. Nc5 Rc6 25. g5 f4 26. h4 Bf5 27. Kd2
Rd8 28. Nb3 Rc4 29. a3 b4 30. Nxa5 bxc3+ 31. bxc3 Ra4 32. Nc6 Rxa3 33. Nb4 Rda8
34. Rc1 R8a5 35. Ke2 Rb3 36. Rb1 Rxc3 37. Nc6 Ra2+ 38. Kf1 Rxc6 39. h5 e3 40.
Rb8+ Bc8 41. Kg2 Rxf2+ 42. Kh1 Rcc2 43. Re1 Rh2+ 44. Kg1 Rxh5 45. Rf1 Rxg5+ 46.
Kh1 e2 47. Ra1 f3 48. Rbb1 f2 49. Rc1 Rxc1+ 50. Rxc1 e1=Q+ 0-1

[Event "Preferente Aragonesa Grupo B"]
[Site "Aragon"]
[Date "2017.02.18"]
[Round "4.56"]
[White "Lebron Duran, Jose Maria"]
[Black "Sanchez Perez, Carlos"]
[Result "1-0"]
[WhiteElo "1813"]
[BlackElo "1552"]
[PlyCount "95"]
[EventDate "2017.01.28"]
[WhiteTeam "Dr. Azua"]
[BlackTeam "Delicias B"]

1. e4 e6 2. d4 d5 3. Nd2 Nf6 4. Bd3 Be7 5. Ngf3 c5 6. e5 Nfd7 7. c3 Nc6 8. O-O
Nf8 9. dxc5 Bxc5 10. Nb3 Be7 11. Nbd4 Bd7 12. Nxc6 bxc6 13. Qa4 h6 14. Qg4 g5
15. Qh5 Rg8 16. Qxh6 Ng6 17. Bxg6 Rxg6 18. Qh8+ Bf8 19. Qh5 Be7 20. Be3 Bc8 21.
c4 Ba6 22. b3 Kd7 23. Nd4 Bb7 24. f4 gxf4 25. Rxf4 Qg8 26. Qe2 c5 27. Nf3 d4
28. Rd1 Kc7 29. Bd2 a5 30. Be1 Rg4 31. Rxg4 Qxg4 32. Nxd4 Rg8 33. Qxg4 Rxg4 34.
Nb5+ Kb6 35. Bg3 Bc6 36. Nc3 Rd4 37. Rxd4 cxd4 38. Bf2 Bc5 39. Nd1 Be4 40. Kf1
Bb1 41. Ke2 d3+ 42. Kd2 Bxa2 43. Bxc5+ Kxc5 44. Kc3 Bb1 45. Nb2 Bc2 46. Nxd3+
Bxd3 47. Kxd3 Kb4 48. Kc2 1-0

[Event "Preferente Aragonesa Grupo B"]
[Site "Aragon"]
[Date "2017.02.18"]
[Round "4.57"]
[White "Gil Capape, Marco Antonio"]
[Black "Carruez Berges, Santiago"]
[Result "1-0"]
[WhiteElo "2110"]
[BlackElo "2030"]
[PlyCount "65"]
[EventDate "2017.01.28"]
[WhiteTeam "Caissa-Hnos Cortes"]
[BlackTeam "Agrupacion B"]

1. e4 e6 2. d4 d5 3. e5 c5 4. Nf3 Nc6 5. Bd3 Nxd4 6. Nxd4 cxd4 7. Nd2 Ne7 8.
O-O Nc6 9. Nf3 Bd7 10. a3 Qc7 11. Re1 Be7 12. b4 a6 13. Bf4 h6 14. Bg3 Qb6 15.
Rb1 O-O 16. Nd2 f5 17. f4 Na7 18. Bf2 Ba4 19. Nf3 Nb5 20. Bxb5 Qxb5 21. Nxd4
Qd7 22. Re3 Rfc8 23. Qh5 Bxc2 24. Rbe1 Bf8 25. Rg3 Be4 26. Qxh6 Re8 27. Rg6
Rac8 28. Re3 Rc1+ 29. Be1 Rd1 30. Rh3 Re7 31. Qh7+ Kf7 32. Rf6+ Ke8 33. Qh5+
1-0

[Event "Preferente Aragonesa Grupo B"]
[Site "Aragon"]
[Date "2017.02.18"]
[Round "4.59"]
[White "Alonso Fdez-Revuelta, Rodrigo"]
[Black "Carruez Berges, Fernando"]
[Result "1/2-1/2"]
[WhiteElo "1983"]
[BlackElo "1991"]
[PlyCount "149"]
[EventDate "2017.01.28"]
[WhiteTeam "Caissa-Hnos Cortes"]
[BlackTeam "Agrupacion B"]

1. e4 e6 2. d3 d5 3. Nd2 Nf6 4. Ngf3 Nc6 5. e5 Nd7 6. d4 f6 7. exf6 Qxf6 8. c3
Bd6 9. Be2 O-O 10. O-O e5 11. dxe5 Ndxe5 12. Nxe5 Nxe5 13. Nf3 c6 14. Be3 Bg4
15. Nxe5 Qxe5 16. g3 Bxe2 17. Qxe2 Bc5 18. Rae1 Rae8 19. Qd2 Bxe3 20. Rxe3 Qg5
21. Rfe1 Rxe3 22. Rxe3 Qf5 23. Qe1 h6 24. Kg2 Kh7 25. Qe2 Qg6 26. h4 Rf7 27.
Re6 Rf6 28. h5 Qf7 29. Re5 Qd7 30. f4 Rf7 31. Qd3+ Kg8 32. Qe3 b6 33. Re8+ Rf8
34. Re7 Qf5 35. Rxa7 Qxh5 36. Re7 Qf5 37. Qe6+ Qxe6 38. Rxe6 Rc8 39. g4 Kf7 40.
f5 b5 41. Kf3 c5 42. Rd6 b4 43. Rxd5 bxc3 44. bxc3 Ra8 45. Rxc5 Rxa2 46. Rc7+
Kf6 47. Rc6+ Kf7 48. Ke3 Rg2 49. Rg6 Rg3+ 50. Kd4 Rf3 51. c4 h5 52. Ke4 Rc3 53.
Kd4 Rf3 54. c5 hxg4 55. c6 Rxf5 56. c7 Kxg6 57. c8=Q Kg5 58. Qd8+ Rf6 59. Qe7
Kg6 60. Ke4 Rf3 61. Qe6+ Kg5 62. Qe5+ Kg6 63. Qe8+ Kg5 64. Qe7+ Kg6 65. Qh4 Rf6
66. Qxg4+ Kf7 67. Ke5 Kg8 68. Qh5 Kf8 69. Qh7 Kf7 70. Qh8 Re6+ 71. Kf5 Rf6+ 72.
Kg5 Rg6+ 73. Kh5 Rh6+ 74. Qxh6 gxh6 75. Kxh6 1/2-1/2

[Event "Preferente Aragonesa Grupo B"]
[Site "Aragon"]
[Date "2017.02.18"]
[Round "4.60"]
[White "Garcia Valer, Jesus"]
[Black "Carraminana Lopez, Luis Antoni"]
[Result "1-0"]
[WhiteElo "1891"]
[BlackElo "1935"]
[PlyCount "95"]
[EventDate "2017.01.28"]
[WhiteTeam "Agrupacion B"]
[BlackTeam "Caissa-Hnos Cortes"]

1. e4 d6 2. d4 Nf6 3. Nc3 Nbd7 4. f4 e5 5. Nf3 exd4 6. Qxd4 c6 7. Be3 d5 8.
exd5 Bc5 9. Qd3 Qe7 10. Kd2 Bxe3+ 11. Qxe3 Qxe3+ 12. Kxe3 cxd5 13. Bb5 O-O 14.
Rhe1 Nc5 15. Bd3 Bd7 16. Kd2 Rad8 17. Rad1 Nfe4+ 18. Kc1 Nxc3 19. bxc3 Bg4 20.
h3 Bxf3 21. gxf3 Rfe8 22. Kd2 h6 23. Rg1 Re7 24. Rg2 f6 25. Rdg1 Kf8 26. Rb1 d4
27. c4 Re3 28. Rf2 b6 29. Re1 Rxe1 30. Kxe1 Re8+ 31. Re2 Rxe2+ 32. Kxe2 Ke7 33.
f5 Kd6 34. f4 a5 35. Kf3 Na4 36. Ke4 Kc5 37. Kf3 Nc3 38. Kg4 Nxa2 39. Kh5 Nc3
40. Kg6 a4 41. Kxg7 a3 42. Kxf6 a2 43. Kg7 a1=Q 44. f6 Qg1+ 45. Bg6 d3 46. f7
Qd4+ 47. Kg8 Qd5 48. cxd5 1-0

[Event "Preferente Aragonesa Grupo B"]
[Site "Aragon"]
[Date "2017.02.18"]
[Round "4.61"]
[White "Soriano Ascaso, Ignacio"]
[Black "Lopez Caudevilla, David"]
[Result "*"]
[WhiteElo "2153"]
[BlackElo "2073"]
[PlyCount "69"]
[EventDate "2017.01.28"]
[WhiteTeam "Sabiñanigo"]
[BlackTeam "Actur Rey Fernando"]

1. b3 Nf6 2. Bb2 g6 3. f4 Bg7 4. Nf3 O-O 5. e3 c5 6. Be2 Nc6 7. O-O d5 8. Qe1
d4 9. Na3 Nd5 10. Bc4 a6 11. Ng5 b5 12. Bxd5 Qxd5 13. c4 Qd8 14. cxb5 Nb4 15.
Qb1 axb5 16. Nxb5 Ba6 17. a4 Qb6 18. exd4 Bxb5 19. axb5 cxd4 20. Kh1 Rxa1 21.
Bxa1 Qxb5 22. Nf3 Qd5 23. Re1 e6 24. h3 Rb8 25. Ne5 Nc6 26. Nxc6 Qxc6 27. Qd3
Qd5 28. Rc1 e5 29. fxe5 Bxe5 30. Qc4 Qe4 31. Rf1 Rb7 32. Bb2 Rc7 33. Qb5 Bd6
34. Ba3 Rb7 35. Qa6 *

[Event "Preferente Aragonesa Grupo B"]
[Site "Aragon"]
[Date "2017.02.18"]
[Round "4.62"]
[White "Serrano San Nicolas, Angel"]
[Black "Climente Martinez, Jose Luis"]
[Result "*"]
[WhiteElo "2000"]
[BlackElo "2056"]
[PlyCount "53"]
[EventDate "2017.01.28"]
[WhiteTeam "Actur Rey Fernando"]
[BlackTeam "Sabiñanigo"]

1. e4 e5 2. f4 exf4 3. Nf3 d6 4. d4 Nf6 5. Nc3 Nc6 6. Bxf4 Bg4 7. Bb5 a6 8.
Bxc6+ bxc6 9. O-O Be7 10. Qd3 O-O 11. Rae1 a5 12. Nd1 Qb8 13. Bd2 Bh5 14. Nh4
Re8 15. Nf5 Bf8 16. Nh6+ gxh6 17. Rxf6 Bg6 18. Bc3 d5 19. Qg3 Rxe4 20. Rxe4
dxe4 21. Ne3 Qd8 22. d5 cxd5 23. Qe5 Bg7 24. Rxg6 f6 25. Qe6+ Kf8 26. Bxf6 Bxf6
27. Rg8# *

[Event "Preferente Aragonesa Grupo B"]
[Site "Aragon"]
[Date "2017.02.18"]
[Round "4.63"]
[White "Ainsa Claver, Ignacio"]
[Black "Aviol Perez, Jose Mariano"]
[Result "*"]
[WhiteElo "1956"]
[BlackElo "1842"]
[PlyCount "109"]
[EventDate "2017.01.28"]
[WhiteTeam "Sabiñanigo"]
[BlackTeam "Actur Rey Fernando"]

1. c4 Nf6 2. Nc3 e6 3. e4 d5 4. e5 d4 5. exf6 dxc3 6. fxg7 cxd2+ 7. Qxd2 Qxd2+
8. Bxd2 Bxg7 9. O-O-O Nc6 10. Nf3 O-O 11. Bd3 e5 12. Rhe1 f5 13. Bc2 e4 14. Ng5
h6 15. Nh3 Be6 16. b3 Rad8 17. f3 Nd4 18. Nf4 Nxc2 19. Kxc2 Bc8 20. Nh5 b6 21.
Nxg7 Kxg7 22. Bc3+ Kg6 23. f4 Bb7 24. Re3 Kf7 25. Rh3 Rxd1 26. Kxd1 Rd8+ 27.
Ke2 Rd6 28. Be5 Rg6 29. g3 c5 30. Rh5 Bc8 31. Ke3 a6 32. a4 Bd7 33. Kf2 Ke8 34.
Bc7 Kf7 35. h3 Rc6 36. Be5 Kg6 37. Rh4 h5 38. Ke3 b5 39. axb5 axb5 40. g4 fxg4
41. hxg4 Bxg4 42. Kxe4 bxc4 43. Kd5 Bf3+ 44. Kxc4 Kf5 45. Rh2 Kg4 46. Kb5 h4
47. Rf2 h3 48. f5 Rc8 49. f6 Bd5 50. Bd6 Bf7 51. Bxc5 Kg3 52. Rb2 Rb8+ 53. Kc6
Rxb3 54. Bd6+ Kg4 55. Rxb3 *

[Event "Preferente Aragonesa Grupo B"]
[Site "Aragon"]
[Date "2017.02.18"]
[Round "4.64"]
[White "Leon Dionis, Mateo"]
[Black "Avellanas Tomas, Jose"]
[Result "*"]
[WhiteElo "1770"]
[BlackElo "1955"]
[PlyCount "54"]
[EventDate "2017.01.28"]
[WhiteTeam "Actur Rey Fernando"]
[BlackTeam "Sabiñanigo"]

1. d4 Nf6 2. c4 d6 3. Nf3 g6 4. Nc3 Bg7 5. e4 O-O 6. Be2 e5 7. d5 a5 8. O-O Na6
9. a3 Nc5 10. Qc2 a4 11. Be3 Nb3 12. Rae1 Bd7 13. Nd2 Nd4 14. Bxd4 exd4 15. Nd1
c5 16. dxc6 Bxc6 17. Bd3 Nd7 18. f4 Rc8 19. Qb1 Nc5 20. Nf3 Re8 21. Nf2 Rc7 22.
Qd1 Rce7 23. Re2 Nxe4 24. Nxe4 Bxe4 25. Bxe4 Rxe4 26. Rxe4 Rxe4 27. Qxa4 d3 {

[Event "Preferente Aragonesa Grupo B"]
[Site "Aragon"]
[Date "2017.02.18"]
[Round "4.65"]
[White "Sacristan Latorre, Alberto"]
[Black "Santos Morales, Julio Cesar"]
[Result "1/2-1/2"]
[WhiteElo "2075"]
[BlackElo "1855"]
[PlyCount "152"]
[EventDate "2017.01.28"]
[WhiteTeam "Palacio de Pioneros B"]
[BlackTeam "Marcos Frechin B"]

1. Nf3 d5 2. g3 Nf6 3. Bg2 c5 4. c4 Nc6 5. cxd5 Nxd5 6. O-O e5 7. Nc3 Be6 8.
Ng5 Qxg5 9. Nxd5 Qd8 10. Nc3 Qc8 11. Re1 Be7 12. d3 O-O 13. Be3 Qd7 14. Rc1 Nd4
15. Qa4 Rfd8 16. Qxd7 Rxd7 17. b3 Rad8 18. f4 exf4 19. Bxf4 g5 20. Bd2 h6 21.
Ne4 b6 22. Bc3 f5 23. Nd2 Bd5 24. e4 fxe4 25. Bxd4 cxd4 26. Nxe4 Bxe4 27. Bxe4
Bb4 28. Rf1 Rf8 29. Rc6 Rxf1+ 30. Kxf1 Bf8 31. Ke2 Kf7 32. Kf3 Ke7 33. Bf5 Rd6
34. Rc7+ Kf6 35. Ke4 a5 36. g4 Be7 37. Rc4 Kf7 38. Rxd4 Rxd4+ 39. Kxd4 Bd6 40.
h3 Ke7 41. Kd5 Bb4 42. Kc6 Bc5 43. a3 Bxa3 44. Kxb6 Bb4 45. Kc6 Bd6 46. Bc8 Ba3
47. Kd5 Bd6 48. Ke4 Kf6 49. d4 Bb4 50. Kd5 Ke7 51. Ke4 Kf6 52. d5 Bd6 53. Kd4
Bb4 54. Bb7 Bd6 55. Kc4 Bb4 56. Kb5 Ke7 57. Bc8 Kd6 58. Be6 Bd2 59. Kb6 Bc3 60.
Kb7 Be5 61. Kc8 Bf6 62. Bg8 Be7 63. Kb7 Bf6 64. Kb6 Bc3 65. Kb5 Bd2 66. Kc4 Ke5
67. Kc5 Bb4+ 68. Kc6 Ba3 69. Kd7 Bc5 70. Ke8 Kf6 71. Be6 Bb4 72. Bf5 Ba3 73.
Bd3 Bb4 74. Bc4 Ba3 75. Kd7 Ke5 76. Ke8 Kf6 1/2-1/2

[Event "Preferente Aragonesa Grupo B"]
[Site "Aragon"]
[Date "2017.02.18"]
[Round "4.66"]
[White "Moya Gimeno, Raul"]
[Black "Castillo Sanjuan, Alejandro"]
[Result "0-1"]
[WhiteElo "1799"]
[BlackElo "2045"]
[PlyCount "70"]
[EventDate "2017.01.28"]
[WhiteTeam "Marcos Frechin B"]
[BlackTeam "Palacio de Pioneros B"]

1. e4 c5 2. Nf3 d6 3. d4 cxd4 4. Nxd4 Nf6 5. Nc3 a6 6. Be2 e5 7. Nb3 Be6 8. Bg5
Be7 9. Qd2 Nbd7 10. O-O-O b5 11. Bf3 O-O 12. Kb1 Qc7 13. h3 b4 14. Nd5 Bxd5 15.
exd5 a5 16. g4 Rfc8 17. Bxf6 Bxf6 18. Be4 a4 19. Nc1 Nc5 20. Bf5 Rcb8 21. g5
Be7 22. Nd3 b3 23. a3 Bxg5 24. Qe2 bxc2+ 25. Qxc2 Rb5 26. Nb4 g6 27. Rhg1 Bf6
28. Qc4 Rab8 29. h4 Qa5 30. h5 Rxb4 31. axb4 Rxb4 32. Qc2 a3 33. hxg6 hxg6 34.
Rxg6+ fxg6 35. Be6+ Kg7 0-1

[Event "Preferente Aragonesa Grupo B"]
[Site "Aragon"]
[Date "2017.02.18"]
[Round "4.67"]
[White "Zambrana Petisme, Ramiro"]
[Black "Obon Zuniga, Francisco"]
[Result "1-0"]
[WhiteElo "2042"]
[BlackElo "1782"]
[PlyCount "57"]
[EventDate "2017.01.28"]
[WhiteTeam "Palacio de Pioneros B"]
[BlackTeam "Marcos Frechin B"]

1. e4 c6 2. Nc3 d5 3. Nf3 Bg4 4. h3 Bh5 5. exd5 cxd5 6. Bb5+ Nc6 7. g4 Bg6 8.
Ne5 Rc8 9. d4 e6 10. Bf4 Bd6 11. h4 Bxe5 12. Bxe5 f6 13. Bg3 Nge7 14. Qe2 Bf7
15. h5 O-O 16. O-O-O Nb4 17. a3 Rxc3 18. bxc3 Na2+ 19. Kb2 Nxc3 20. Kxc3 Qa5+
21. Kb2 Rc8 22. Bd6 Nc6 23. Rh3 e5 24. Bxc6 Rxc6 25. Bb4 Qb6 26. Rb3 exd4 27.
Qe7 Rc8 28. Qd6 d3 29. Rc3 1-0

[Event "Preferente Aragonesa Grupo B"]
[Site "Aragon"]
[Date "2017.02.18"]
[Round "4.68"]
[White "Farinas Argudo, Adrian"]
[Black "Gomez Salinas, Nestor"]
[Result "0-1"]
[WhiteElo "1735"]
[BlackElo "1951"]
[PlyCount "96"]
[EventDate "2017.01.28"]
[WhiteTeam "Marcos Frechin B"]
[BlackTeam "Palacio de Pioneros B"]

1. d4 Nf6 2. Nf3 g6 3. Bf4 Bg7 4. e3 d6 5. h3 c5 6. c3 Qb6 7. Qb3 Qxb3 8. axb3
cxd4 9. exd4 Nd5 10. Bh2 Bf5 11. Bb5+ Nd7 12. Nbd2 h5 13. O-O a6 14. Rfe1 N5b6
15. Bxd7+ Kxd7 16. Nh4 Be6 17. Re2 Bh6 18. c4 g5 19. Nhf3 g4 20. Nh4 Bg5 21.
Bg3 d5 22. Ra5 Rhg8 23. cxd5 Bxd5 24. Ne4 Bxe4 25. Rxe4 e6 26. f4 Bxh4 27. Bxh4
gxh3 28. Re2 Rxg2+ 29. Rxg2 hxg2 30. Rxh5 Nd5 31. Rh7 Nxf4 32. Rxf7+ Kc6 33.
Bg3 Ne2+ 34. Kxg2 Rg8 35. Rc7+ Kb6 36. Rc3 Nxc3 37. bxc3 Kc6 38. Kf3 a5 39. Bf2
b5 40. Ke3 Rg2 41. Be1 Rb2 42. Kd3 Rxb3 43. Kc2 a4 44. Bd2 Kd5 45. Bc1 Kc4 46.
Bb2 a3 47. Ba1 a2 48. d5 exd5 0-1

[Event "Preferente Aragonesa Grupo B"]
[Site "Aragon"]
[Date "2017.02.18"]
[Round "4.69"]
[White "Sierra Aguerri, Joaquin"]
[Black "Sanchez Herrera, Miguel"]
[Result "1/2-1/2"]
[WhiteElo "2085"]
[BlackElo "2124"]
[PlyCount "51"]
[EventDate "2017.01.28"]
[WhiteTeam "Tauste"]
[BlackTeam "St. Casablanca D"]

1. e4 c5 2. Nc3 Nc6 3. f4 g6 4. Nf3 Bg7 5. Bb5 Nd4 6. O-O Qb6 7. a4 e6 8. a5
Qc7 9. Ba4 Ne7 10. Nxd4 Bxd4+ 11. Kh1 a6 12. f5 gxf5 13. d3 b5 14. axb6 Qxb6
15. Qh5 Bb7 16. Bg5 Rg8 17. Rae1 Qd6 18. Re2 O-O-O 19. Bh4 f6 20. Bg3 Be5 21.
Bxe5 fxe5 22. Re3 Qd4 23. Qe2 Rg7 24. Rg3 Rdg8 25. Rff3 Ng6 26. Qf2 1/2-1/2

[Event "Preferente Aragonesa Grupo B"]
[Site "Aragon"]
[Date "2017.02.18"]
[Round "4.71"]
[White "Sancho Casale, Jesus"]
[Black "Garcia Andres, Daniel"]
[Result "1-0"]
[WhiteElo "1981"]
[BlackElo "2007"]
[PlyCount "45"]
[EventDate "2017.01.28"]
[WhiteTeam "Tauste"]
[BlackTeam "St. Casablanca D"]

1. Nf3 d5 2. c4 d4 3. e3 Nc6 4. b4 Bg4 5. h3 Bxf3 6. gxf3 Nxb4 7. Qa4+ Nc6 8.
f4 dxe3 9. dxe3 Qd7 10. Bg2 Nf6 11. O-O Nd8 12. Qb3 c6 13. Bb2 e6 14. Rd1 Qc8
15. Nc3 Be7 16. Ne4 Nxe4 17. Bxe4 O-O 18. Qc3 Bf6 19. Qxf6 gxf6 20. Bxf6 Re8
21. Kh2 e5 22. Rg1+ Kf8 23. Bxh7 1-0

[Event "Preferente Aragonesa Grupo B"]
[Site "Aragon"]
[Date "2017.02.18"]
[Round "4.72"]
[White "Abad Vinas, Jesus Manuel"]
[Black "Vera Jimenez, Andres"]
[Result "0-1"]
[WhiteElo "1760"]
[BlackElo "1947"]
[PlyCount "50"]
[EventDate "2017.01.28"]
[WhiteTeam "St. Casablanca D"]
[BlackTeam "Tauste"]

1. c4 e6 2. Nf3 b6 3. d4 Nf6 4. Nc3 Bb7 5. a3 Be7 6. Qc2 O-O 7. e4 d6 8. Bd3 h6
9. O-O Nfd7 10. b4 c5 11. b5 cxd4 12. Nxd4 Bf6 13. Be3 Ne5 14. Rad1 Nbd7 15.
Be2 Rc8 16. f4 Nxc4 17. Bxc4 Rxc4 18. e5 dxe5 19. fxe5 Bxe5 20. Qd3 Qh4 21. Nf3
Bxf3 22. Rxf3 Bxh2+ 23. Kf1 Ne5 24. Rh3 Qf6+ 25. Rf3 Nxf3 0-1

[Event "Division Honor Aragonesa Grupo A "]
[Site "Aragon"]
[Date "2017.02.25"]
[Round "5.1"]
[White "Gavin Roche, Enrique"]
[Black "Llanes Luno, Ricardo"]
[Result "1/2-1/2"]
[WhiteElo "2261"]
[BlackElo "2156"]
[PlyCount "47"]
[EventDate "2017.01.28"]
[WhiteTeam "ONCE C.A. Aragon"]
[BlackTeam "Delicias"]

1. d4 d5 2. c4 e6 3. Nc3 Nf6 4. cxd5 exd5 5. Bg5 Be7 6. e3 O-O 7. Bd3 Re8 8.
Qc2 h6 9. Bh4 c5 10. dxc5 Nc6 11. Nge2 d4 12. exd4 Nxd4 13. Qd1 Bg4 14. O-O
Bxc5 15. Kh1 Nxe2 16. Nxe2 Bxe2 17. Bxe2 Qxd1 18. Bxd1 g5 19. Bg3 Ne4 20. Bf3
Nxg3+ 21. fxg3 Re7 22. Rad1 Bb6 23. Rd5 Rd8 24. Rxd8+ 1/2-1/2

[Event "Division Honor Aragonesa Grupo A "]
[Site "Aragon"]
[Date "2017.02.25"]
[Round "5.2"]
[White "Roche Simon, Manuel Angel"]
[Black "Laliena Solanes, Luis"]
[Result "0-1"]
[WhiteElo "2170"]
[BlackElo "2179"]
[PlyCount "102"]
[EventDate "2017.01.28"]
[WhiteTeam "Delicias"]
[BlackTeam "ONCE C.A. Aragon"]

1. e4 c6 2. d4 d5 3. e5 Bf5 4. h4 h5 5. Bd3 Bxd3 6. Qxd3 e6 7. Nf3 Qa5+ 8. Nbd2
Qa6 9. c4 Nd7 10. b3 Nh6 11. O-O Be7 12. Qc2 Nf5 13. g3 Qb6 14. Bb2 Qd8 15.
cxd5 cxd5 16. Rac1 O-O 17. Qc7 Rb8 18. a3 Nb6 19. Rfe1 Qxc7 20. Rxc7 Rfc8 21.
Rec1 Rxc7 22. Rxc7 Rc8 23. Rxc8+ Nxc8 24. Kf1 Kf8 25. Ke2 Ke8 26. Nf1 Bd8 27.
Bc1 Nce7 28. Kd3 Bb6 29. b4 Nc6 30. Bb2 f6 31. b5 Nb8 32. Ne3 Nxe3 33. fxe3 Nd7
34. e4 fxe5 35. exd5 exd4 36. Bxd4 exd5 37. Ng5 Ke7 38. Bxg7 Bf2 39. Bd4 Bxg3
40. Bxa7 Bxh4 41. Nf3 Bg3 42. Bd4 Ke6 43. a4 b6 44. Bxb6 Nxb6 45. a5 Nc4 46. a6
Nb6 47. a7 Kd6 48. Ng5 h4 49. Ke3 Kc5 50. Nh3 Kxb5 51. Kd4 Kc6 0-1

[Event "Division Honor Aragonesa Grupo A "]
[Site "Aragon"]
[Date "2017.02.25"]
[Round "5.3"]
[White "Latorre Abad, Fernando"]
[Black "Naya Sancho, Jose Ignacio"]
[Result "1-0"]
[WhiteElo "2073"]
[BlackElo "2113"]
[PlyCount "109"]
[EventDate "2017.01.28"]
[WhiteTeam "ONCE C.A. Aragon"]
[BlackTeam "Delicias"]

1. e4 e5 2. Nf3 Nc6 3. Bb5 a6 4. Ba4 Nf6 5. Qe2 Be7 6. c3 b5 7. Bb3 O-O 8. O-O
d5 9. exd5 Nxd5 10. d3 Bb7 11. a4 Qd7 12. axb5 axb5 13. Rxa8 Bxa8 14. d4 exd4
15. Qxb5 Rd8 16. Qxd5 Qxd5 17. Bxd5 Rxd5 18. Bf4 Bd6 19. c4 Rc5 20. Bxd6 cxd6
21. Nbd2 d5 22. Ra1 Ra5 23. Rxa5 Nxa5 24. cxd5 Bxd5 25. Nxd4 Kf8 26. Kf1 Ke7
27. g3 Kf6 28. Ke2 Ke5 29. Kd3 g6 30. b4 Nb7 31. f4+ Kd6 32. Nc4+ Kc7 33. Nb5+
Kc6 34. Nd4+ Kc7 35. Nb5+ Kc6 36. Na7+ Kc7 37. Kd4 Be6 38. Nb5+ Kc6 39. Nc3 Kc7
40. Ne4 Kc6 41. Nc3 Kc7 42. Ne5 h6 43. Ne4 Kb6 44. Nc5 Nxc5 45. bxc5+ Kb5 46.
g4 f6 47. Nxg6 Bxg4 48. Kd5 Bf3+ 49. Kd6 Kc4 50. c6 Kd4 51. c7 Bg4 52. Ke7 Ke4
53. Kxf6 Bd7 54. h4 Kf3 55. Ne5+ 1-0

[Event "Division Honor Aragonesa Grupo A "]
[Site "Aragon"]
[Date "2017.02.25"]
[Round "5.4"]
[White "Neila Castillo, Miguel Angel"]
[Black "Fuertes Garay, Javier"]
[Result "1-0"]
[WhiteElo "2115"]
[BlackElo "2085"]
[PlyCount "65"]
[EventDate "2017.01.28"]
[WhiteTeam "Delicias"]
[BlackTeam "ONCE C.A. Aragon"]

1. d4 Nf6 2. c4 c5 3. d5 e6 4. Nc3 exd5 5. cxd5 d6 6. Nf3 g6 7. e4 Bg7 8. h3
O-O 9. Bd3 Re8 10. O-O a6 11. a4 Nbd7 12. Nd2 b6 13. f4 Bb7 14. Nc4 Qc7 15. g4
h6 16. Qf3 Rf8 17. Be3 Rae8 18. Rae1 Bc8 19. Bf2 Qb8 20. e5 dxe5 21. fxe5 Nh7
22. Bg3 Qa7 23. h4 Bb7 24. Bb1 Qa8 25. Qd3 b5 26. axb5 axb5 27. Nxb5 Bxd5 28.
Nc7 Bxc4 29. Qxc4 Qc8 30. Nxe8 Qxe8 31. Bxg6 Nxe5 32. Bxe5 Bxe5 33. Bxh7+ 1-0

[Event "Division Honor Aragonesa Grupo A "]
[Site "Aragon"]
[Date "2017.02.25"]
[Round "5.5"]
[White "Hinojar Basa, Alfonso"]
[Black "Moreno Gracia, Daniel"]
[Result "0-1"]
[WhiteElo "2175"]
[BlackElo "2318"]
[PlyCount "52"]
[EventDate "2017.01.28"]
[WhiteTeam "Marcos Frechin"]
[BlackTeam "L'Aurora Estadilla"]

1. e4 c5 2. Nf3 d6 3. d4 Nf6 4. Nc3 cxd4 5. Nxd4 a6 6. Qf3 g6 7. h3 Bg7 8. Bg5
Qa5 9. Be3 Nc6 10. Nb3 Qc7 11. O-O-O O-O 12. g4 Be6 13. Qg3 Nb4 14. Bd3 Nxa2+
15. Nxa2 Bxb3 16. Nc3 Bc4 17. Bd4 Rac8 18. f4 b5 19. Kb1 b4 20. Bxf6 Bxf6 21.
Nd5 Bxd5 22. exd5 Bxb2 23. Kxb2 Qc3+ 24. Kb1 b3 25. Qf2 bxc2+ 26. Qxc2 Qa3 0-1

[Event "Division Honor Aragonesa Grupo A "]
[Site "Aragon"]
[Date "2017.02.25"]
[Round "5.6"]
[White "Solano Lasierra, Javier"]
[Black "Sancho Cortes, Miguel Angel"]
[Result "1/2-1/2"]
[WhiteElo "2171"]
[BlackElo "2063"]
[PlyCount "119"]
[EventDate "2017.01.28"]
[WhiteTeam "L'Aurora Estadilla"]
[BlackTeam "Marcos Frechin"]

1. d4 f5 2. e4 fxe4 3. Nc3 Nf6 4. Bg5 g6 5. h4 d5 6. h5 Bf5 7. Be2 Qd7 8. Nh3
c6 9. Nf4 Rg8 10. Qd2 Na6 11. O-O-O Nc7 12. f3 O-O-O 13. hxg6 hxg6 14. Rdg1
exf3 15. gxf3 Ne6 16. Nxe6 Qxe6 17. Bd3 Bg7 18. Re1 Qd7 19. Bxf5 gxf5 20. Qf4
Rh8 21. Bh6 Bxh6 22. Rxh6 Rxh6 23. Qxh6 Rg8 24. b3 Qd6 25. Kb2 b6 26. Qe3 Kd7
27. Ne2 Nh5 28. Qd3 Qf6 29. Qa6 b5 30. Qxa7+ Ke8 31. Nc3 Rg2 32. Rh1 Qg6 33.
Re1 Qf6 34. a4 bxa4 35. bxa4 Qh4 36. Qb8+ Kf7 37. Qe5 Nf4 38. Qxf5+ Ke8 39. Rc1
e6 40. Rh1 Qxh1 41. Qxf4 Qh2 42. Qc1 Qb8+ 43. Ka3 Qd6+ 44. Kb3 Rg7 45. Na2 Rb7+
46. Kc3 c5 47. Qh6 cxd4+ 48. Kd2 Qe5 49. Qg6+ Rf7 50. Kc1 d3 51. Qxd3 Qa1+ 52.
Kd2 Qxa2 53. Qb5+ Rd7 54. Qb8+ Ke7 55. Qb4+ Rd6 56. Qb7+ Kf6 57. Qb8 Qa3 58.
Qf8+ Kg6 59. Qg8+ Kf6 60. Qf8+ 1/2-1/2